00413pab a2200145 454500008004000000100002000040245005300060260000900113300001500122362001200137650003000149650002600179650001800205773004400223180718b1971 xxu||||| |||| 00| 0 eng d aSubramanian, V. aRole of civil service in Indian political system c1971 ap.238-264. aApr-Jun aPolitical systems - India aCivil service - India aCivil service aIndian Journal of Public Administration